000 00565nam a2200193Ia 4500
999 _c3325
_d3325
003 OSt
005 20200820113859.0
008 190216s9999||||xx |||||||||||||| ||und||
020 _a9780070402256
040 _coclc
082 _a541.24
_bCHA/A
100 _aChanda, Manas
_94229
245 0 _aAtomic Structure And The Chemical Bond /
_cManas Chanda
250 _a4th Ed.
260 _bTata Mcgrawhill Publishers,
_c2006.
_aNew Delhi.
300 _a506p
650 _aChemistry-Chemistry
942 _cBK
_2ddc
_h541.24
_iCHA/A
_k541.24
_mCHA/A